| 000 | 00837cam a2200277 a 4500 | ||
|---|---|---|---|
| 001 | 12506308 | ||
| 005 | 20180130065224.0 | ||
| 008 | 010817s2001 onc b 001 0 eng d | ||
| 010 | _a 2001273520 | ||
| 016 | _a20019307713 | ||
| 020 | _a1551113236 | ||
| 035 | _a(OCoLC)ocm46810611 | ||
| 040 |
_aCaOTU _beng _cNLC _dDLC |
||
| 041 | _aeng | ||
| 042 | _alccopycat | ||
| 043 | _an-cn--- | ||
| 080 | _a914 pat | ||
| 082 | _2574 pat | ||
| 100 | _a9 | ||
| 101 | _amje | ||
| 245 | 0 | 0 |
_aSustainable development and Canada : _cby O.P. Dwivedi ... [et al.]. |
| 504 | _aIncludes bibliographical references (p. 311-328) and index. | ||
| 906 |
_a7 _bcbc _ccopycat _d2 _encip _f20 _gy-gencatlg |
||
| 942 |
_2ddc _cBK |
||
| 999 |
_c41278 _d41278 |
||